Entre Objetos: (Record no. 11753)

MARC details
000 -CABECERA
campo de control de longitud fija 00837nam a2200265 4500
003 - IDENTIFICADOR DEL NÚMERO DE CONTROL
campo de control OSt
005 - FECHA Y HORA DE LA ÚLTIMA TRANSACCIÓN
campo de control 20260530113900.0
008 - DATOS DE LONGITUD FIJA--INFORMACIÓN GENERAL
campo de control de longitud fija 260505b |||||||| |||| 00| 0 spa d
020 ## - NÚMERO INTERNACIONAL ESTÁNDAR DEL LIBRO
Número Internacional Estándar del Libro 9586951901
040 ## - FUENTE DE LA CATALOGACIÓN
Centro catalogador/agencia de origen ICI
Lengua de catalogación spa
Centro/agencia transcriptor ICI
041 ## - CÓDIGO DE LENGUA
Código de lengua del texto/banda sonora o título independiente spa
Código de lengua del material acompañante/anejo si no son libretos eng
050 ## - SIGNATURA TOPOGRÁFICA DE LA BIBLIOTECA DEL CONGRESO
Número de clasificación NK1505
Número de documento/Ítem E58
245 10 - MENCIÓN DE TÍTULO
Título Entre Objetos:
Resto del título 2005-2006
264 #1 - PRODUCCIÓN, PUBLICACIÓN, DISTRIBUCIÓN, FABRICACIÓN Y COPYRIGHT
Producción, publicación, distribución, fabricación y copyright colombia :
Nombre del de productor, editor, distribuidor, fabricante uniandes ,
Fecha de producción, publicación, distribución, fabricación o copyright 2005
300 ## - DESCRIPCIÓN FÍSICA
Extensión 72 páginas :
Otras características físicas ilustraciones
336 ## - TIPO DE CONTENIDO
Término de tipo de contenido texto
Fuente rdacontent
337 ## - TIPO DE MEDIO
Nombre/término del tipo de medio sin medio
Fuente rdamedia
338 ## - TIPO DE SOPORTE
Nombre/término del tipo de soporte volumen
Fuente rdacarrier
650 #4 - PUNTO DE ACCESO ADICIONAL DE MATERIA--TÉRMINO DE MATERIA
Término de materia o nombre geográfico como elemento de entrada diseño industrial
9 (RLIN) 15218
650 #4 - PUNTO DE ACCESO ADICIONAL DE MATERIA--TÉRMINO DE MATERIA
Término de materia o nombre geográfico como elemento de entrada objetos decorativos
Subdivisión general diseño
9 (RLIN) 32191
700 ## - PUNTO DE ACCESO ADICIONAL--NOMBRE DE PERSONA
Nombre de persona Vanegas , Zapata, Freddy ,
Término indicativo de función/relación director general
9 (RLIN) 32192
700 ## - PUNTO DE ACCESO ADICIONAL--NOMBRE DE PERSONA
Nombre de persona Jiménez, Juan, Carlos ,
Término indicativo de función/relación supervición general y coordinación
9 (RLIN) 32193
700 ## - PUNTO DE ACCESO ADICIONAL--NOMBRE DE PERSONA
Nombre de persona Kadami, Samira,
Término indicativo de función/relación recopilación
9 (RLIN) 32194
942 ## - ELEMENTOS DE PUNTO DE ACCESO ADICIONAL (KOHA)
Fuente del sistema de clasificación o colocación Dewey Decimal Classification
Tipo de ítem Koha
Suprimir en OPAC 1

No items available.